The corrosion and preservation of iron and steel /

Bibliographic Details
Main Author: Cushman, Allerton S. (Allerton Seward), 1867-1930
Other Authors: Gardner, Henry A. (Henry Alfred), 1882-1973
Format: Book
Language:English
Published: New York [etc.] : McGraw-Hill book company, 1910.
Subjects:

MARC

Tag First Indicator Second Indicator Subfields
LEADER 00000cam a2200000 4500
001 in00000025331
005 20171209064256.0
008 750722s1910 nyua b 00010 eng u
010 |a  10010447  
035 |a (OCoLC)01464589 
035 |9 AAD1309AM 
040 |c JPL  |d TXA  |d UtOrBLW 
049 |a TXAM  |c [4894] 
050 0 0 |a TA467.  |b C8 
092 |a 691.7  |b C95 
100 1 |a Cushman, Allerton S.  |q (Allerton Seward),  |d 1867-1930. 
245 1 4 |a The corrosion and preservation of iron and steel /  |c by Allerton S. Cushman...and Henry A. Gardner... 
264 1 |a New York [etc.] :  |b McGraw-Hill book company,  |c 1910. 
300 |a  xx, 373 pages :  |b illustrations ;  |c 24 cm. 
336 |a text  |b txt  |2 rdacontent 
337 |a unmediated  |b n  |2 rdamedia 
338 |a volume  |b nc  |2 rdacarrier 
504 |a Bibliography: pages 301-363. 
650 0 |a Corrosion and anti-corrosives. 
700 1 |a Gardner, Henry A.  |q (Henry Alfred),  |d 1882-1973. 
999 |a MARS 
999 f f |s eb6110fb-9e95-3591-955d-f58f1567676e  |i dd644b59-7d6b-37e3-8d76-86c89d1a8595  |t 0 
952 f f |p ric  |a Texas A&M University  |b Rellis Campus  |c Joint Library Facility  |d Remote Storage  |t 0  |e TA467. C8  |h Library of Congress classification  |i unmediated -- volume  |m A14801138748 
998 f f |a TA467. C8  |t 0  |l Remote Storage